00644 2200241 4500001002100000005001500021035002000036245004000056100001500096250001000111300003900121260003600160082000800196084001400204020001600218600003600234600002700270600003400297505001100331990002000342990002000362990002000382INLIS00000000000470520231113075606 a0010-11230000561 aRahasia DiBalik Mobil /cMike Flynn0 aMike Flynn aCet 2 a32 hlm, :bilus ;c20,7 x 29,5 cm. aBandung; :bPakar Raya;,c2007. a355 a355 MIK r a979534568-8 aPengalih Bahasa,Rachmad Isnanto aPewajah Ulang,B Waluyo aPenggambar Ulang,Deni sarjoko aIndeks a12710/P/BL/2016 a12708/P/BL/2016 a12709/P/BL/2016